The Art of English Writing: (Record no. 206785)

MARC details
000 -LEADER
fixed length control field 00585nam a22001937a 4500
005 - DATE AND TIME OF LATEST TRANSACTION
control field 20241028110822.0
010 ## - LCCN (DPL NO)
LC control number ENG-142456
020 ## - INTERNATIONAL STANDARD BOOK NUMBER
Terms of availability 370.00
International Standard Book Number 9789393468512
035 ## - SYSTEM CONTROL NUMBER
System control number EN-125988
037 ## - SOURCE OF ACQUISITION
Source of stock number/acquisition DBAD/PUB
082 ## - DEWEY DECIMAL CLASSIFICATION NUMBER
Classification number 485
100 ## - MAIN ENTRY--PERSONAL NAME
Personal name Mukkolakkal, Bitter
245 ## - TITLE STATEMENT
Title The Art of English Writing:
Remainder of title Functional Writing/
Statement of responsibility, etc by Bitter C Mukkolakkal
250 ## - EDITION STATEMENT
Edition statement 1
260 ## - PUBLICATION, DISTRIBUTION, ETC. (IMPRINT)
Place of publication, distribution, etc Thriuvananthapuram
Name of publisher, distributor, etc Chintha Publishers
Date of publication, distribution, etc 2024
270 ## - ADDRESS
City thiruvananthapuram
Electronic mail address chinthapubishers@gmail.com
300 ## - PHYSICAL DESCRIPTION
Extent 280p.
Dimensions 22cm(pbk)
942 ## - ADDED ENTRY ELEMENTS (KOHA)
Source of classification or shelving scheme Dewey Decimal Classification
Item type English Books
Classification part 485
Call number suffix MUk
Holdings
Withdrawn status Lost status Not for loan Collection code Home library Current library Date acquired Source of acquisition Cost, normal purchase price Full call number Barcode Copy number Cost, replacement price Koha item type
      Non-fiction Bawana Bawana 28/10/2024 DBAD 370.00 485 MUk EN-125988 1 370.00 English Books

© Delhi Public Library
Hit Counter
free hit counter